Derrotero de la Compañía de Jesús en la conquista del Perú Tucumán y Paraguay y sus iglesias del antiguo Buenos Aires 1567-1768

Gespeichert in:
Bibliographische Detailangaben
1. Verfasser: Millé, Andrés (autor)
Format: Buch
Sprache:Spanisch
Veröffentlicht: Buenos Aires Emecé 1968
Schlagworte:
Tags: Tag hinzufügen
Keine Tags, Fügen Sie den ersten Tag hinzu!

MARC

LEADER 00000nam a2200000 a 4500
001 UCM9868
003 CL-VaPUC
008 030530e19680000AG |||||||||||||||||spa|d
082 0 4 |a 271.53  |b MIL  |2 21 
100 |a Millé, Andrés  |e autor  |9 476478 
245 1 0 |a Derrotero de la Compañía de Jesús en la conquista del Perú Tucumán y Paraguay y sus iglesias del antiguo Buenos Aires 1567-1768 
300 |a 539 p 
942 |c BK 
945 |d 20030530 00:00:00  |a rbrito 
260 |a Buenos Aires  |b Emecé  |c 1968 
600 0 7 |a JESUITAS  |2 CL-VaPUC  |9 323765 
650 0 |a Misioneros  |9 324171 
650 7 |a MISIONES RELIGIOSAS  |2 CL-VaPUC  |9 393449 
650 7 |a ORDEN RELIGIOSA  |2 CL-VaPUC  |9 476479 
651 0 |a Perú  |9 256567 
651 7 |a TUCUMAN  |2 CL-VaPUC  |9 357006 
651 0 |a Paraguay  |9 255336 
651 7 |a BUENOS AIRES  |2 CL-VaPUC  |9 255286 
583 |a last modification  |c 20030530 00:00:00  |k Rodrigo Vera 
999 |c 303950  |d 303948 
952 |0 0  |1 0  |4 0  |6 271_530000000000000_MIL_1968  |7 0  |8 A  |9 365627  |a BIBTEO  |b BIBTEO  |d 2019-11-21  |i 3910768  |o 271.53 MIL 1968  |p 3910768  |r 2025-01-17  |w 2019-11-21  |y BK  |k ICR